[Event "ch-LTU"]
[Site "Vilnius LTU"]
[Date "2006.03.26"]
[Round "11"]
[White "Savickas,A"]
[Black "Piesina,G"]
[Result "1-0"]
[WhiteElo "2320"]
[BlackElo "2358"]

1.e4 c5 2.Nf3 d6 3.d4 cxd4 4.Nxd4 Nf6 5.Nc3 a6 6.Be3 e5 7.Nf3 Qc7 8.Be2 Be7
9.a4 Nc6 10.O-O O-O 11.Nd2 Be6 12.Nc4 Nb4 13.Nb6 Rad8 14.Nbd5 Nbxd5 15.Nxd5 Bxd5
16.exd5 Nd7 17.a5 f5 18.f3 h6 19.c4 Bg5 20.Bf2 e4 21.fxe4 fxe4 22.Kh1 e3
23.Bg3 Rxf1+ 24.Qxf1 Nc5 25.Qf5 Qe7 26.Rf1 Bh4 27.Bf4 Rf8 28.Qg6 Rf6 29.Qg4 Bf2
30.b4 Ne4 31.c5 dxc5 32.bxc5 h5 33.Qc8+ Rf8 34.d6 Rxc8 35.dxe7 Re8 36.Bd6 g6
37.g3 Kf7 38.Kg2 Nd2 39.Rd1 Ne4 40.Rd4 Nc3 41.Bc4+ Kg7 42.Rf4  1-0

[Event "22nd Spring Festival Open"]
[Site "Budapest HUN"]
[Date "2006.03.27"]
[Round "5"]
[White "Leviczki,T"]
[Black "Sondermann,J"]
[Result "1-0"]
[WhiteElo "2311"]
[BlackElo "2144"]

1.e4 c5 2.Nf3 d6 3.d4 cxd4 4.Nxd4 Nf6 5.Nc3 a6 6.Be3 e5 7.Nb3 Be6 8.f3 Be7
9.Nd5 Nxd5 10.exd5 Bf5 11.Qd2 h6 12.Na5 Qc7 13.Bd3 Bxd3 14.cxd3 Bh4+ 15.g3 Bd8
16.Nc4 Nd7 17.Qb4 Be7 18.Rc1 Rc8 19.O-O Nc5 20.Qa3 Qb8 21.Nb6 Rd8 22.Bxc5 dxc5
23.Qa4+ Kf8 24.Nd7+ Rxd7 25.Qxd7 h5 26.f4 exf4 27.Rxf4 Rh6 28.Rcf1 Rf6 29.Rxf6 gxf6
30.d6 Qxd6 31.Qxd6 Bxd6 32.Rxf6 Be5 33.Rb6 c4 34.Rxb7 cxd3 35.Kf1 Kg7 36.Ke1 h4
37.gxh4 Bxh2 38.Kd2 Kg6 39.h5+  1-0

[Event "Torre ENTEL PCS"]
[Site "Santiago CHI"]
[Date "2006.03.28"]
[Round "9"]
[White "Flores Rios,M"]
[Black "Zambrana,O"]
[Result "0-1"]
[WhiteElo "2332"]
[BlackElo "2405"]

1.e4 c5 2.Nf3 d6 3.d4 cxd4 4.Nxd4 Nf6 5.Nc3 a6 6.Be3 e5 7.Nb3 Be6 8.f3 Nbd7
9.Qd2 b5 10.a4 b4 11.Nd5 Bxd5 12.exd5 Nb6 13.Bxb6 Qxb6 14.a5 Qb7 15.Bc4 g6
16.Ra4 Rb8 17.Qd3 Ra8 18.Qd2 Rb8 19.Nc1 h5 20.Na2 Bh6 21.Qe2 Nxd5 22.Bxd5 Qxd5
23.Nxb4 Qd4 24.c3 Qa7 25.Nxa6 Ra8 26.Nb4 O-O 27.Kd1 Qd7 28.b3 d5 29.Kc2 Rfc8
30.Rd1 Rc5 31.a6 Bg7 32.Nxd5 Rxd5 33.Rxd5 Qxd5 34.Qe4 Qd8 35.a7 Bh6 36.b4 Qd2+
37.Kb3 Qd1+ 38.Qc2 Qg1 39.Qe4 Rxa7 40.Rxa7 Qxa7 41.Qxe5 Qg1 42.Qg3 Qb1+ 43.Kc4 Qa2+
44.Kd3 Qd2+ 45.Kc4 Bf4 46.Qh3 Qa2+ 47.Kd3 Qd5+ 48.Kc2 Qc4 49.g4 Qa2+ 50.Kd3 Qxh2
51.Qxh2 Bxh2 52.gxh5 gxh5 53.Ke3 h4 54.Kf2 h3 55.c4 Kf8 56.c5 Ke7 57.b5 Ke6
58.c6 Kd6 59.Ke2 Kc5 60.Ke3 Bc7 61.f4 h2  0-1

[Event "TCh-FRA Top 16 Gp A"]
[Site "Montpellier FRA"]
[Date "2006.03.30"]
[Round "4"]
[White "Boudre,JP"]
[Black "Georgiev,Ki"]
[Result "1/2-1/2"]
[WhiteElo "2334"]
[BlackElo "2645"]

1.e4 c5 2.Nf3 d6 3.d4 cxd4 4.Nxd4 Nf6 5.Nc3 a6 6.Be3 e6 7.a4 Nc6 8.Be2 Be7
9.O-O O-O 10.f4 Qc7 11.Kh1 Bd7 12.Nb3 b6 13.Bf3 Rab8 14.Qe2 Bc8 15.Qc4 Bb7
16.Nd5 exd5 17.exd5 b5 18.axb5 axb5 19.Qc3 b4 20.Qc4 Rfc8 21.dxc6 d5 22.Qd3 Bxc6
23.Ra7 Qd8 24.Nd4 Bd7 25.Re1 Bc5 26.Raa1 Bg4 27.Bg1 Qd7 28.Rad1 h6 29.c3 Kh8
30.Ra1 Bxf3 31.Qxf3 Ne4 32.h3 Be7 33.Rac1 bxc3 34.bxc3 Rc4 35.Ne2 Bf6 36.Red1 Rb2
37.Ng3 Nxc3 38.Rxd5 Qc7 39.Rd3 Ne4 40.Rxc4 Nxg3+ 41.Qxg3 Qxc4 42.Rd1 Rb4
43.Qe1 Kh7 44.Bh2 Rb2 45.Qf1 Qc6 46.Bg3 Rb3 47.Kh2 Qe4 48.Re1 Qg6 49.Bf2 Qf5
50.Qc4 Rb2 51.Kg1 Qd7 52.Qe4+ g6 53.f5 gxf5 54.Qf3 Rd2 55.Rf1 Rd3 56.Qe2 Qd5
57.Qh5 Rd2 58.Qf3 Qxf3 59.gxf3 Kg6 60.Rc1 Bd4 61.Bxd4 Rxd4 62.Kf2 Kg5 63.Ke3 Rh4
64.f4+ Kf6 65.Rh1 Ke6 66.Kf3 Kd6 67.Kg3 Rh5 68.Re1 Kd7  1/2-1/2

[Event "TCh-FRA Top 16 Gp B"]
[Site "Gonfreville FRA"]
[Date "2006.04.02"]
[Round "7"]
[White "Heinz,Ti"]
[Black "Gallagher,Jo"]
[Result "0-1"]
[WhiteElo "2261"]
[BlackElo "2531"]

1.e4 c5 2.Nf3 d6 3.d4 cxd4 4.Nxd4 Nf6 5.Nc3 a6 6.Be3 e5 7.Nb3 Be6 8.f3 Be7
9.Qd2 O-O 10.O-O-O Qc7 11.g4 Nbd7 12.g5 Nh5 13.Kb1 b5 14.Nd5 Bxd5 15.exd5 Nb6
16.Na5 Nxd5 17.Qxd5 Qxa5 18.c4 Rab8 19.Rg1 g6 20.Rg4 Ng7 21.cxb5 axb5 22.h4 Rfc8
23.h5 Nxh5 24.Bc4 Rf8 25.Bd3 Rfc8 26.Bc4 Rf8 27.Bd3 Rfc8 28.Be4 Qc7 29.Rc1 Qd7
30.Rh1 Bf8 31.Qd3 d5 32.Bxd5 Bc5 33.Rd1 Bxe3 34.Qxe3 Qc7 35.Bb3 Nf4 36.Rh1 Qc5
37.Qxc5 Rxc5 38.Rgh4 Nh5 39.Rd1 Rb7 40.Rb4 Kg7 41.Rd6 Nf4 42.a4 Ne2 43.a5 Ra7
44.a6 Nd4 45.Rb6 Nxf3 46.Rb7 Nd2+  0-1

[Event "TCh-FRA Top 16 Gp A"]
[Site "Montpellier FRA"]
[Date "2006.04.02"]
[Round "7"]
[White "Guidarelli,L"]
[Black "Karjakin,Sergey"]
[Result "0-1"]
[WhiteElo "2462"]
[BlackElo "2660"]

1.e4 c5 2.Nf3 d6 3.d4 cxd4 4.Nxd4 Nf6 5.Nc3 a6 6.Be3 e5 7.Nf3 Qc7 8.a4 Be7
9.Be2 O-O 10.O-O Nbd7 11.Bg5 h6 12.Bh4 g5 13.Bg3 Nc5 14.Nd2 Be6 15.Re1 Rac8
16.Bc4 Qb6 17.Qf3 Ncd7 18.Qd3 Qb4 19.Bxe6 fxe6 20.Nb3 Nc5 21.Nxc5 Rxc5 22.Ra3 Rc7
23.f3 Qd4+ 24.Bf2 Qxd3 25.cxd3 d5 26.Raa1 d4 27.Ne2 Rc2 28.Kf1 Nd7 29.b3 Rfc8
30.Rec1 Kf7 31.Be1 Rxc1 32.Rxc1 Rxc1 33.Nxc1 Ba3 34.Na2 Nc5 35.b4 Nxd3 36.Bd2 Nb2
37.a5 d3 38.Bc1 Nc4 39.Bxa3 Nxa3 40.Ke1 Nb1 41.Kd1 d2 42.b5 axb5 43.Nb4 Ke7
44.Nd3 Kd6 45.Kc2 b4 46.Nb2 Na3+ 47.Kxd2 Kc5 48.Nd3+ Kb5 49.g4 Nc4+ 50.Kc2 Ka4  0-1

[Event "32nd ch-IND w"]
[Site "Visakhapatnam IND"]
[Date "2006.04.03"]
[Round "1"]
[White "Soumya,S"]
[Black "Iswarya,S"]
[Result "0-1"]
[WhiteElo "2156"]
[BlackElo "2150"]

1.e4 c5 2.Nf3 d6 3.d4 cxd4 4.Nxd4 Nf6 5.Nc3 a6 6.Be3 e5 7.Nb3 Be6 8.f3 Nbd7
9.Qd2 b5 10.O-O-O Be7 11.g4 O-O 12.Kb1 Nb6 13.Qf2 Nfd7 14.Na5 Rc8 15.Qd2 b4
16.Nd5 Nxd5 17.Nc6 Nc3+ 18.bxc3 Rxc6 19.cxb4 Qb8 20.Rc1 Nb6 21.c3 Nc4 22.Bxc4 Rxc4
23.Rc2 a5 24.a3 Qb7 25.Rb2 Rfc8 26.Rc1 axb4 27.axb4 Ra8 28.Rd1 Ra3 29.Rc1 Qa8  0-1

[Event "32nd ch-IND w"]
[Site "Visakhapatnam IND"]
[Date "2006.04.03"]
[Round "1"]
[White "Swathi,G"]
[Black "Karavade,E"]
[Result "1-0"]
[WhiteElo "2244"]
[BlackElo "2332"]

1.e4 c5 2.Nf3 d6 3.d4 cxd4 4.Nxd4 Nf6 5.Nc3 a6 6.Be3 e5 7.Nb3 Be6 8.f3 Nbd7
9.Qd2 Be7 10.g4 h6 11.O-O-O b5 12.Kb1 Qc7 13.h4 Nb6 14.Qf2 Rb8 15.Bd3 Nc4
16.Bc1 b4 17.Ne2 a5 18.g5 Nh5 19.gxh6 g6 20.f4 exf4 21.Nbd4 Bg4 22.Rdf1 f3
23.Nxf3 Bf6 24.Nd2 Na3+ 25.bxa3 bxa3+ 26.Nb3 a4 27.Qe3 axb3 28.cxb3 Be5 29.Bxa3 Qa5
30.Bb2 Ra8 31.a4 O-O 32.Bc4 Rac8 33.Bd5 Qc7 34.Rc1 Qe7 35.Bxe5 dxe5 36.Rhg1 Bxe2
37.Rxc8 Rxc8 38.Rxg6+ Kh8 39.Rg1 Nf4 40.Re1 Bd3+ 41.Kb2 Rg8 42.Rg1 Rc8 43.Rc1 Rxc1
44.Qxc1 Qd7 45.Qc5 Qe8 46.Bc6 Qb8 47.Qe7 Kg8 48.Qg5+ Ng6 49.h5 Qd6 50.Bd5 Qb6
51.Qxg6+  1-0

[Event "FSIM April"]
[Site "Budapest HUN"]
[Date "2006.04.04"]
[Round "4"]
[White "Sanches,C"]
[Black "Nguyen Huynh Minh H"]
[Result "1/2-1/2"]
[WhiteElo "2169"]
[BlackElo "2217"]

1.e4 c5 2.Nf3 d6 3.d4 cxd4 4.Nxd4 Nf6 5.Nc3 a6 6.Be3 e5 7.Nf3 Qc7 8.a4 Be7
9.a5 Nbd7 10.Be2 O-O 11.O-O b5 12.axb6 Nxb6 13.Qd3 Bb7 14.Nd2 Nfd7 15.Na4 Nc5
16.Bxc5 dxc5 17.Nxb6 Qxb6 18.Nc4 Qc7 19.c3 a5 20.Rfd1 Bc6 21.Qc2 Rfb8 22.Ra2 Bg5
23.f3 g6 24.Na3 Kg7 25.Bc4 Ra7 26.Bd5 Bxd5 27.Rxd5 c4 28.Qf2 Ra6 29.h4 Bh6
30.Kh2 f5 31.Qe2 Rc6 32.Ra1 Qe7 33.Kh3 Qe6 34.Kh2 Qe7 35.Kh3 Qe6  1/2-1/2

[Event "4th V.Nabokov Mem"]
[Site "Kyiv UKR"]
[Date "2006.04.04"]
[Round "2"]
[White "Moliboga,V"]
[Black "Onischuk,V"]
[Result "0-1"]
[WhiteElo "2297"]
[BlackElo "2388"]

1.e4 c5 2.Nf3 d6 3.d4 cxd4 4.Nxd4 Nf6 5.Nc3 a6 6.Be3 e5 7.Nb3 Be6 8.Qd2 Nbd7
9.O-O-O Rc8 10.f3 b5 11.Qf2 Rxc3 12.bxc3 Qc7 13.Bg5 d5 14.Bxf6 Ba3+ 15.Kd2 Nxf6
16.Bd3 O-O 17.h3 Rc8 18.g4 Qxc3+ 19.Ke2 dxe4 20.fxe4 Bc4 21.Kf3 Nxe4 22.Qe3 Nf6
23.Bf5 Bd5+ 24.Kf2 Qxe3+ 25.Kxe3 Rc3+ 26.Kd2 Bb4 27.a3 Rxh3+ 28.axb4 Rxh1
29.Rxh1 Bxh1 30.Nc5 g6 31.Bc8 Bc6 32.g5 Nd5 33.c3 h6 34.gxh6 Kh7 35.Bxa6 Kxh6
36.c4 Nc7 37.cxb5 Nxb5 38.Nb7 Nc7 39.Nd8 Bd5 40.Be2 f5 41.b5 Na8 42.Nc6 Bxc6
43.bxc6 Kg5 44.Kd3 Kf6 45.Kc4 Nc7 46.Kc5 Ke7 47.Bc4 g5 48.Bd3 e4 49.Be2 g4
50.Kd4 Kf6 51.Ke3 Ke5 52.Bd1 f4+ 53.Kf2 e3+ 54.Kg2 f3+ 55.Bxf3 gxf3+ 56.Kxf3 Kd4  0-1

[Event "32nd ch-IND w"]
[Site "Visakhapatnam IND"]
[Date "2006.04.05"]
[Round "3"]
[White "Kavitha,J"]
[Black "Iswarya,S"]
[Result "0-1"]
[WhiteElo "2126"]
[BlackElo "2150"]

1.e4 c5 2.Nf3 d6 3.d4 cxd4 4.Nxd4 Nf6 5.Nc3 a6 6.Be3 e5 7.Nb3 Be6 8.f3 Nbd7
9.Qd2 b5 10.a4 b4 11.Nd5 Bxd5 12.exd5 Nb6 13.Bxb6 Qxb6 14.a5 Qb7 15.Bc4 g6
16.Ra4 Rb8 17.Nc1 h5 18.Na2 Bh6 19.Qd3 O-O 20.Rxb4 Qa7 21.Rxb8 Rxb8 22.b4 e4
23.fxe4 Re8 24.Nc3 Nxe4 25.Nxe4 f5 26.Qg3 Rxe4+ 27.Be2 Kh7 28.Qc3 Qe7 29.Qd3 Qe5
30.c3 Re3 31.Qxa6 Rxc3 32.O-O Bf4 33.Bf3 Qd4+ 34.Kh1 Be5 35.Qb7+ Kh6 36.Qb5 Rc4
37.Qb8 Qf4 38.Qf8+ Bg7 39.Qe7 Re4 40.Qd8 Rxb4 41.a6 Qc4 42.Re1 Qxa6 43.h4 Qc4
44.Qg5+ Kh7 45.g3 Rb2 46.Bxh5 Qd4  0-1

[Event "32nd ch-IND w"]
[Site "Visakhapatnam IND"]
[Date "2006.04.08"]
[Round "7"]
[White "Kavitha,J"]
[Black "Soumya,S"]
[Result "1-0"]
[WhiteElo "2126"]
[BlackElo "2156"]

1.e4 c5 2.Nf3 d6 3.d4 cxd4 4.Nxd4 Nf6 5.Nc3 a6 6.Be3 e6 7.Be2 Be7 8.O-O O-O
9.f4 Nc6 10.a4 Qc7 11.Kh1 Bd7 12.Nb3 b6 13.Bf3 Rab8 14.g4 Na5 15.g5 Ne8 16.Nd4 b5
17.axb5 axb5 18.Bg2 Nc4 19.Bc1 b4 20.Nce2 Qd8 21.Ng3 Nc7 22.Qh5 f6 23.g6 hxg6
24.Qxg6 Qe8 25.Qg4 Qf7 26.b3 Nb6 27.f5 e5 28.Nf3 g5 29.h4 Qh7 30.Bh3 Kf7
31.hxg5 fxg5 32.Be3 Rg8 33.Ra7 Nba8 34.Kg2 Qh6 35.Rh1 Bf6 36.Kf2 Ke8 37.Bf1 Qf8
38.Rh7 Kd8 39.Nh5 Be7 40.Bc4 d5 41.Bxd5 Bc5 42.Rxd7+ Kxd7 43.Nxe5+ Kd8 44.Nf7+ Ke8
45.Nf6+  1-0

[Event "TCh-HUN 2005-6"]
[Site "Hungary HUN"]
[Date "2006.04.09"]
[Round "10"]
[White "Meszaros,Mi"]
[Black "Dovzik,J"]
[Result "0-1"]
[WhiteElo "2362"]
[BlackElo "2425"]

1.e4 c5 2.Nf3 d6 3.d4 cxd4 4.Nxd4 Nf6 5.Nc3 a6 6.Be3 e6 7.Be2 Qc7 8.O-O Nc6
9.a4 Be7 10.Kh1 O-O 11.Nb3 b6 12.f4 Bb7 13.Bf3 Rfe8 14.Qd2 Rac8 15.Rad1 Nb4
16.Qf2 Nd7 17.Rd2 Nc5 18.Nd4 Nc6 19.Rfd1 Nxd4 20.Bxd4 e5 21.Be3 Bf8 22.f5 Qb8
23.g4 b5 24.axb5 axb5 25.Nd5 Na4 26.Rb1 b4 27.g5 Bxd5 28.Rxd5 Qc7 29.Rd2 Ra8
30.Qg2 Nb6 31.b3 Ra2 32.Be2 Qc3 33.Bd3 Nd7 34.g6 d5 35.gxf7+ Kxf7 36.Qh3 Nf6
37.exd5 Bd6 38.Rg1 Ra1 39.Rg2 Rxg1+ 40.Rxg1 e4 41.Bc4 Qxc2 42.Bd4 e3 43.Bxf6 Qe4+
44.Rg2 Kxf6 45.Qxh7 Qb1+ 46.Rg1 Qe4+ 47.Rg2 Re7 48.Qg6+ Ke5 49.Qg3+ Qf4 50.Qh3 Ra7
51.Qg3 Qxg3 52.hxg3 Kxf5 53.Re2 Ke4 54.Kg2 g5 55.Rc2 Rf7 56.Bb5 Rf6 57.Rc4+ Ke5
58.Rc2 Kxd5 59.Bd7 Bc5 60.g4 Ra6 61.Bf5 Ra1 62.Kf3 Rd1 63.Be4+ Kd6 64.Bf5 Rf1+
65.Ke4 Rb1 66.Bg6 Rxb3 67.Kf5 Rc3 68.Re2 b3 69.Kxg5 Ke5 70.Bf5 Bd4 71.Rb2 Bc5
72.Kh4 Kf4 73.Be6 Rc2  0-1

[Event "FSIM April"]
[Site "Budapest HUN"]
[Date "2006.04.11"]
[Round "11"]
[White "Sanchez,Lo"]
[Black "Duong The Anh"]
[Result "0-1"]
[WhiteElo "2284"]
[BlackElo "2325"]

1.e4 c5 2.Nf3 d6 3.d4 cxd4 4.Nxd4 Nf6 5.Nc3 a6 6.Be3 e5 7.Nb3 Be6 8.f3 Be7
9.Qd2 O-O 10.O-O-O a5 11.Bb5 Na6 12.g4 Nc7 13.g5 Nxb5 14.Nxb5 Ne8 15.a4 Qc8
16.Qc3 Qd8 17.Nc5 Rc8 18.Qa3 Bc4 19.Nxb7 Qd7 20.Nxa5 Be2 21.Bd2 d5 22.Bb4 Bxb4
23.Qxb4 Bxd1 24.Rxd1 d4 25.Nc4 Qe6 26.b3 f6 27.gxf6 Rxf6 28.Rd3 Rh6 29.Na7 Rc7
30.Qb8 Rxh2 31.Nb5 Rc8 32.Qb7 h5 33.a5 h4 34.Rd1 Qc6 35.a6 Qxb7 36.axb7 Rb8
37.Nxe5 Rxb7 38.Nxd4 Nf6 39.Kb2 h3 40.Kc3 Nh5 41.Ng4 Rg2 42.Rh1 Nf4 43.b4 Rc7+
44.Kb3 Rd2 45.c3 Rd3 46.Rc1 Rxd4  0-1

[Event "44th Doeberl Cup"]
[Site "Canberra AUS"]
[Date "2006.04.14"]
[Round "2"]
[White "Zhao Zong Yuan"]
[Black "Oliver,G"]
[Result "0-1"]
[WhiteElo "2452"]
[BlackElo "2120"]

1.e4 c5 2.Nf3 d6 3.d4 cxd4 4.Nxd4 Nf6 5.Nc3 a6 6.Be3 e6 7.Be2 Be7 8.O-O O-O
9.f4 Qc7 10.g4 Nc6 11.g5 Nd7 12.f5 Nde5 13.f6 Bd8 14.fxg7 Kxg7 15.Bd3 Rg8
16.Kh1 Kh8 17.Qh5 Nxd4 18.Bxd4 Rxg5 19.Qh6 Kg8 20.Rg1 Rg6 21.Raf1 Qe7 22.Qd2 Bd7
23.Ne2 Nxd3 24.Qxd3 e5 25.Be3 f5 26.Nc3 fxe4 27.Qxe4 Bc6 28.Nd5 Qe6 29.c4 Be7
30.Rf3 Rf8 31.Rfg3 Kg7 32.h3 Qf5 33.Qg2 Bh4 34.Rxg6+ hxg6 35.Kh2 Bf2 36.Bxf2 Qxf2
37.b3 Rf4 38.Rc1 Kf7 39.Rc2 Qxg2+ 40.Kxg2 Ke6  0-1

[Event "17th Pobeskydi Hamont Cup"]
[Site "Frydek Mistek CZE"]
[Date "2006.04.14"]
[Round "3"]
[White "Talla,V"]
[Black "Lahner,J"]
[Result "1-0"]
[WhiteElo "2403"]
[BlackElo "2291"]

1.e4 c5 2.Nf3 d6 3.d4 cxd4 4.Nxd4 Nf6 5.Nc3 a6 6.Be3 e5 7.Nb3 Be7 8.f3 Be6
9.Qd2 O-O 10.O-O-O Nbd7 11.g4 Qc7 12.g5 Nh5 13.Kb1 b5 14.Nd5 Bxd5 15.exd5 Nb6
16.Na5 Nxd5 17.Qxd5 Qxa5 18.c4 Qb4 19.Bd2 Qa4 20.b3 Qa3 21.Bc1 Qa5 22.a4 Nf4
23.Bxf4 exf4 24.cxb5 axb5 25.Bxb5 Rac8 26.Rc1 Rc5 27.Rxc5 dxc5 28.Bc4 Kh8
29.Qe5 Qa7 30.Re1 Bd8 31.Qd6 Kg8 32.h4 g6 33.h5  1-0

[Event "17th Pobeskydi Hamont Cup"]
[Site "Frydek Mistek CZE"]
[Date "2006.04.14"]
[Round "3"]
[White "Gajsin,E"]
[Black "Carstensen,J"]
[Result "1/2-1/2"]
[WhiteElo "2451"]
[BlackElo "2278"]

1.e4 c5 2.Nf3 d6 3.d4 cxd4 4.Nxd4 Nf6 5.Nc3 a6 6.Be3 e5 7.Nb3 Be6 8.f3 Be7
9.Qd2 O-O 10.O-O-O b5 11.g4 b4 12.Nd5 Bxd5 13.exd5 a5 14.Kb1 a4 15.Nc1 Ra5
16.Bc4 Na6 17.Bxa6 Rxa6 18.Qxb4 Qc7 19.c4 Rc8 20.g5 Nd7 21.Ne2 Rb8 22.Qc3 Nc5
23.Rd2 Qc8 24.Ng3 Bd8 25.Bxc5 Ba5 26.Qa3 Bxd2 27.Bxd6 Rb7 28.Ne4 Qxc4 29.Nxd2 Qd4
30.Ne4 Rab6 31.Qc3 Qxc3 32.Nxc3 Rxd6 33.Nxa4 Rxd5 34.Rc1 f5 35.gxf6 gxf6
36.Rg1+ Kf7 37.Kc2 Ra7 38.Nc3 Rdd7 39.b4 Rd4 40.Kb3 Rd3 41.a4 Rxf3 42.b5 e4
43.Re1 Rc7 44.Rxe4 Rcxc3+ 45.Kb4 Ra3 46.Ka5 f5 47.Rc4 Rfc3 48.Rf4 Kf6 49.b6 Ke5
50.b7 Kxf4 51.b8=Q+ Ke4 52.Qe8+ Kf4 53.Qb8+ Ke4 54.Qb4+ Ke3 55.Qe7+ Kf2 56.Qe5 Rf3
57.h4 Rae3 58.Qb2+ Kg3 59.h5 Re4 60.Qg7+ Rg4 61.Qxh7 Ra3 62.Qc7+ Kh3 63.Qd7 Raxa4+
64.Qxa4 Rxa4+ 65.Kxa4 f4 66.h6 f3 67.h7 f2 68.h8=Q+ Kg2 69.Qg7+ Kh2 70.Qh6+ Kg2
71.Qg5+ Kh2 72.Qh4+ Kg2 73.Qg4+ Kh2 74.Qf3 Kg1 75.Qg3+ Kh1  1/2-1/2

[Event "Foxwoods Open"]
[Site "Ledyards USA"]
[Date "2006.04.14"]
[Round "4"]
[White "Rensch,D"]
[Black "Critelli,J"]
[Result "1-0"]
[WhiteElo "2360"]
[BlackElo "2170"]

1.e4 c5 2.Nf3 d6 3.d4 cxd4 4.Nxd4 Nf6 5.Nc3 a6 6.Be3 e6 7.f3 b5 8.g4 h6 9.Qd2 b4
10.Na4 Nbd7 11.O-O-O Qa5 12.b3 Bb7 13.a3 d5 14.e5 Nxe5 15.Nxe6 Nxf3 16.Bb6 Qxa4
17.Qe3 Qxa3+ 18.Kb1 Be7 19.Nxg7+ Kf8 20.Qxf3 Kxg7 21.Bd4 Rac8 22.Bd3 Rc6
23.h4 Kf8 24.Rhf1 Bc8 25.Rde1 Bxg4 26.Qf4 Bd8 27.Qb8 Kg7 28.Qg3 h5 29.Qe3 Rh6
30.Qg5+ Rg6 31.Bxg6 fxg6 32.Qxd5 Rc8 33.Qb7+ Kh6 34.Be3+ g5 35.hxg5+ Kg6
36.gxf6 Bxf6 37.Rxf6+ Kxf6 38.Bd4+ Kg5 39.Qe7+ Kf4 40.Qe5+  1-0

[Event "10th Neckar Open A"]
[Site "Deizisau GER"]
[Date "2006.04.16"]
[Round "6"]
[White "Pavasovic,D"]
[Black "Van Haastert,E"]
[Result "1/2-1/2"]
[WhiteElo "2534"]
[BlackElo "2413"]

1.e4 c5 2.Nf3 d6 3.d4 Nf6 4.Nc3 cxd4 5.Nxd4 a6 6.Be3 e5 7.Nf3 Be7 8.Bc4 O-O
9.Qe2 Qc7 10.Nd5 Nxd5 11.Bxd5 Be6 12.c4 Nd7 13.O-O Nf6 14.Bxe6 fxe6 15.Nd2 Qc6
16.f3 Bd8 17.Rac1 Bb6 18.Rfd1 Rac8 19.Nf1 Bc5 20.Rc3 Rfd8 21.Rcd3 Rd7 22.Bxc5 Qxc5+
23.Qe3 Kf7 24.Qxc5 Rxc5 25.Rxd6 Rxd6 26.Rxd6 Rxc4 27.Ne3 Rb4 28.Rd2 Ke7 29.Kf2 Nd7
30.Rc2 Rd4 31.Nc4 Rd1 32.Na5 b6 33.Nc4 Ra1 34.a3 Rb1 35.Ke3 Rd1 36.Ke2 Rg1
37.Ne3 Rb1 38.Kd2 Rh1 39.h3 Nc5 40.Kc3 h5 41.Nc4 Nd7 42.Kb4 g5 43.a4 Rd1
44.b3 Rd4 45.Kc3 Kf6 46.b4 Rd1 47.Kb2 Rd4 48.Kc3 Rd1 49.Nb2 Rd4 50.Kb3 Ke7
51.Rc8 Rd2 52.Rc2 Rxc2 53.Kxc2  1/2-1/2

[Event "10th Neckar Open A"]
[Site "Deizisau GER"]
[Date "2006.04.16"]
[Round "7"]
[White "Zaragatski,I"]
[Black "Bromberger,S"]
[Result "1/2-1/2"]
[WhiteElo "2423"]
[BlackElo "2481"]

1.e4 c5 2.Nf3 d6 3.d4 Nf6 4.Nc3 cxd4 5.Nxd4 a6 6.Be3 e6 7.Qd2 b5 8.f3 Nbd7
9.O-O-O Bb7 10.g4 h6 11.h4 b4 12.Nb1 d5 13.Bh3 g5 14.hxg5 hxg5 15.exd5 Nxd5
16.Bxg5 Qb6 17.Bg2 Rxh1 18.Bxh1 Rc8  1/2-1/2

[Event "17th Pobeskydi Arcimpex Cup"]
[Site "Frydek Mistek CZE"]
[Date "2006.04.16"]
[Round "8"]
[White "Meszaros,Mi"]
[Black "Rojicek,V"]
[Result "1-0"]
[WhiteElo "2362"]
[BlackElo "2237"]

1.e4 c5 2.Nf3 d6 3.d4 cxd4 4.Nxd4 Nf6 5.Nc3 a6 6.Be3 e6 7.Be2 Nbd7 8.f4 b5
9.Bf3 Bb7 10.e5 Bxf3 11.Qxf3 dxe5 12.Nc6 Qc8 13.fxe5 Ng4 14.Bd4 h5 15.h3 Nh6
16.g4 Qb7 17.Ne4 Rc8 18.Na7 Rc7 19.O-O-O Be7 20.Nd6+ Bxd6 21.Qxb7 Rxb7 22.exd6 e5
23.Bf2 O-O 24.Nc6 f5 25.g5  1-0

[Event "7th ch-Euro t/b"]
[Site "Kusadasi TUR"]
[Date "2006.04.16"]
[Round "3.4"]
[White "Inarkiev,E"]
[Black "Izoria,Z"]
[Result "0-1"]
[WhiteElo "2602"]
[BlackElo "2647"]

1.e4 c5 2.Nf3 d6 3.d4 cxd4 4.Nxd4 Nf6 5.Nc3 a6 6.Be3 e6 7.Be2 Nbd7 8.g4 h6
9.f4 Nc5 10.Bf3 e5 11.Nf5 Bxf5 12.exf5 exf4 13.Bxf4 Qe7+ 14.Kf2 O-O-O 15.Re1 Qc7
16.Nd5 Nxd5 17.Qxd5 Be7 18.Kg2 Bf6 19.Rad1 Be5 20.Qxe5 a5 21.a3 f6 22.b4 axb4
23.axb4 Nd7 24.Re3 Nxe5 25.c3 b6 26.c4 Nc6 27.Rd5 Nxb4 28.Be2 Na6 29.Rd4 Nc5
30.Rd1  0-1

[Event "Open NOR-ch"]
[Site "Oslo NOR"]
[Date "2006.04.16"]
[Round "9"]
[White "Dannevig,O"]
[Black "Hammer,J"]
[Result "1/2-1/2"]
[WhiteElo "2329"]
[BlackElo "2287"]

1.e4 c5 2.Nf3 d6 3.d4 cxd4 4.Nxd4 Nf6 5.Nc3 a6 6.Be3 e6 7.g4 Nfd7 8.Qd2 b5
9.h4 Bb7 10.a3 Nb6 11.O-O-O N8d7 12.f4 Rc8 13.Kb1 Nf6 14.Bd3 Nc4 15.Qe1 Nxg4
16.Bc1 h5 17.b3 Qb6 18.Be2 Na5 19.Bxg4 hxg4 20.f5 Rxc3 21.Qxc3 e5 22.Bd2 exd4
23.Qxa5 Qxa5 24.Bxa5 g3 25.Rxd4 Be7 26.Rg1 Rxh4 27.Be1 Bxe4 28.Rd2 Bxf5 29.Bxg3 Rg4
30.Bh2 Rxg1+ 31.Bxg1 Be4 32.Rd4 d5 33.a4 g5 34.axb5 axb5 35.Kc1 f5 36.c4 Ba3+
37.Kd1 dxc4 38.bxc4 b4 39.Be3 b3 40.Bxg5 b2 41.Rxe4+ fxe4 42.Kc2 Kd7 43.Be3 Ke6
44.Bd4 Kf5 45.Bxb2 Bxb2 46.Kxb2 Kf4 47.c5 e3 48.c6 e2 49.c7 e1=Q 50.c8=Q Qe5+
51.Qc3 Qxc3+ 52.Kxc3  1/2-1/2

[Event "32nd ch-IND w"]
[Site "Visakhapatnam IND"]
[Date "2006.04.16"]
[Round "18"]
[White "Kavitha,J"]
[Black "Gomes,M"]
[Result "0-1"]
[WhiteElo "2131"]
[BlackElo "2239"]

1.e4 c5 2.Nf3 d6 3.d4 cxd4 4.Nxd4 Nf6 5.Nc3 a6 6.Be3 e5 7.Nb3 Be6 8.f3 Nbd7
9.Qd2 b5 10.a4 b4 11.Nd5 Bxd5 12.exd5 Nb6 13.Bxb6 Qxb6 14.a5 Qb7 15.Bc4 Be7
16.Ra4 Rb8 17.Nc1 O-O 18.Na2 Nd7 19.b3 Bd8 20.O-O Bxa5 21.Kh1 Qc7 22.Nc1 Nb6
23.Qe2 Nxa4 24.bxa4 Bb6 25.Bxa6 f5 26.Bb5 Qc3 27.Bc6 e4 28.Nb3 Rf6 29.a5 Ba7
30.a6 Rbf8 31.Bb7 Rh6 32.Na5 Qe5 33.f4 Qc3 34.Qe1 Qxc2 35.Nc6 Rg6 36.Ne7+ Kh8
37.Nxg6+ hxg6 38.Qxb4 e3 39.Qxd6 e2 40.Qxf8+ Kh7 41.Re1 Qd2  0-1

[Event "SAP IM"]
[Site "Walldorf GER"]
[Date "2006.04.16"]
[Round "5"]
[White "Kountz,J"]
[Black "Zuse,KP"]
[Result "1-0"]
[WhiteElo "2338"]
[BlackElo "2298"]

1.e4 c5 2.Nf3 d6 3.d4 cxd4 4.Nxd4 Nf6 5.Nc3 a6 6.Be3 e5 7.Nde2 Be7 8.Qd2 O-O
9.Ng3 Be6 10.O-O-O Nbd7 11.Nf5 Bxf5 12.exf5 b5 13.f4 b4 14.Nd5 Nxd5 15.Qxd5 a5
16.fxe5 Nxe5 17.Kb1 a4 18.Be2 Qc8 19.Rhf1 Nd7 20.g4 a3 21.g5 b3 22.cxb3 Bd8
23.Qxd6 Re8 24.Qxd7 Rxe3 25.Bc4 Bxg5 26.Qxf7+ Kh8 27.f6 Bh6 28.Rd7 Qf8 29.Qh5 g6
30.Qd5 Rae8 31.Re7 Rd8 32.Qb7  1-0

[Event "XXIV Open"]
[Site "Metz FRA"]
[Date "2006.04.23"]
[Round "2"]
[White "Becker,Mart"]
[Black "Hartmann,D"]
[Result "1-0"]
[WhiteElo "2347"]
[BlackElo "1976"]

1.e4 c5 2.Nf3 d6 3.d4 cxd4 4.Nxd4 Nf6 5.Nc3 a6 6.Be3 e6 7.f3 b5 8.g4 h6 9.Qd2 Bb7
10.O-O-O Nc6 11.h4 Ne5 12.Rg1 Nfd7 13.g5 hxg5 14.hxg5 g6 15.f4 Nc4 16.Bxc4 bxc4
17.Qe2 Qc7 18.Rh1 Rxh1 19.Rxh1 O-O-O 20.Rh7 e5 21.Nf3 exf4 22.Bxf4 Ne5 23.Kb1 Kb8
24.Nd5 Bxd5 25.exd5 Re8 26.a3 Ka8 27.Qe4 Qb7 28.Nxe5 dxe5 29.Bxe5 Bxa3 30.Qxc4 Rc8
31.Rh8 Rxh8 32.Bxh8 Be7 33.Bf6 Bd6 34.Qe4 Qd7 35.c4 Kb7 36.Bd4 Qa4 37.Qc2 Qb4
38.Qc3 Qa4 39.b3 Qd7 40.Ka2 Qg4 41.c5 Bf8 42.Qb4+ Kc8 43.Qc4 Qg2+ 44.Ka3 Qxg5
45.Qxa6+ Kb8 46.Qb6+ Ka8 47.Qc6+ Ka7 48.Qc7+  1-0

[Event "XIII TCh-RUS"]
[Site "Sochi RUS"]
[Date "2006.04.26"]
[Round "7"]
[White "Kobalia,M"]
[Black "Kasimdzhanov,R"]
[Result "1/2-1/2"]
[WhiteElo "2654"]
[BlackElo "2673"]

1.e4 c5 2.Nf3 d6 3.d4 cxd4 4.Nxd4 Nf6 5.Nc3 a6 6.Be3 e6 7.Be2 Qc7 8.Qd2 b5
9.a3 Bb7 10.f3 Nc6 11.g4 Be7 12.g5 Nd7 13.h4 b4 14.axb4 Nxb4 15.h5 Nc5 16.Ncb5 axb5
17.Rxa8+ Bxa8 18.Qxb4 O-O 19.Nxb5 Qb8 20.Qa3 Bc6 21.Nd4 Bd7 22.b4 Na4 23.b5 Nc5
24.Rg1 Rc8 25.g6 Bf6 26.gxf7+ Kxf7 27.Qa2 Kf8 28.Bc4 d5 29.Nc6 Bxc6 30.Bxc5+ Kf7
31.bxc6 dxc4 32.Qa7+  1/2-1/2

[Event "2nd Halkidiki Open"]
[Site "Kalithea GRE"]
[Date "2006.04.27"]
[Round "3"]
[White "Papadopoulos,I"]
[Black "Hoffmann,Mi1"]
[Result "1-0"]
[WhiteElo "2264"]
[BlackElo "2467"]

1.e4 c5 2.Nf3 d6 3.d4 Nf6 4.Nc3 cxd4 5.Nxd4 a6 6.Be3 e6 7.f3 b5 8.g4 b4 9.Nce2 h6
10.Qd2 e5 11.Nf5 d5 12.g5 hxg5 13.Bxg5 Be6 14.Neg3 dxe4 15.Qxd8+ Kxd8 16.Bxf6+ gxf6
17.fxe4 Kc7 18.O-O-O Nd7 19.h4 a5 20.Kb1 Nc5 21.Ne3 Bh6 22.Nd5+ Kc6 23.Nxf6 Bf4
24.Ngh5 Rxh5 25.Nxh5 Bg4 26.Nxf4 Bxd1 27.Nd3 Nd7 28.Bh3 Be2 29.Bxd7+ Kxd7
30.Nxe5+ Ke6 31.Nd3 Bf3 32.Rf1 Bxe4 33.Nc5+ Kd5 34.Nxe4 Kxe4 35.Rxf7 Rh8
36.Rc7 Kd4 37.b3  1-0

[Event "Classics GMA"]
[Site "Gausdal NOR"]
[Date "2006.04.30"]
[Round "8"]
[White "Kulaots,K"]
[Black "Dworakowska,J"]
[Result "1/2-1/2"]
[WhiteElo "2557"]
[BlackElo "2364"]

1.e4 c5 2.Nf3 d6 3.d4 cxd4 4.Nxd4 Nf6 5.Nc3 a6 6.Be3 e5 7.Nf3 Be7 8.Bc4 O-O
9.O-O Be6 10.Bb3 Nc6 11.Bg5 Nd7 12.Bxe7 Qxe7 13.Nd5 Bxd5 14.Bxd5 Rac8 15.c3 Nf6
16.Re1 Nxd5 17.Qxd5 Nd8 18.Rad1 Rc6 19.Nd2 Ne6 20.Nf1 Nf4 21.Qb3 Qg5 22.g3 Qg4
23.Ne3 Nh3+ 24.Kg2 Nf4+ 25.Kg1 Nh3+ 26.Kg2 Nf4+ 27.Kg1  1/2-1/2